Movies Quiz

Random Movies or Actor Quiz

10 to 1 Movie Title Builder Quiz Stats

 Plays Quiz Updated Jun 19, 2018

Challenge
Share
Tweet
Embed
Score 0/55 Timer 06:00
16 Plays Today
% Correct
Jones
93.1%
Indiana
92.9%
And
88.5%
A
88.1%
And
87.5%
Beautiful
87.4%
Mind
87.4%
Of
87.2%
The
87.1%
The
86.8%
The
86.7%
Skull
86.7%
Bad
86.5%
The
86.3%
The
86.1%
Ugly
86%
Good
85.6%
Wind
85.2%
Loathing
84.8%
Crystal
84.6%
Vegas
84.5%
Las
84.4%
Gone
84.3%
Kingdom
84%
Fear
83.9%
With
83.7%
And
83.5%
Window
83.2%
% Correct
Ridgemont
83.1%
The
82.9%
High
82.9%
Rear
82.5%
Times
82.5%
At
82.5%
In
81.8%
The
81.8%
Assassination
81.4%
Fast
81.4%
Of
79.4%
In
75.7%
To
75.7%
James
75.6%
Succeed
75.3%
By
75.1%
Business
74.7%
Without
74.6%
How
74.5%
Trying
74.5%
The
74.1%
Coward
73.8%
Jesse
72%
Ford
71.8%
Really
71.5%
Robert
71.5%
It
68.4%

You're not logged in!

Compare scores with friends on all Sporcle quizzes.
OR
Log In

You Might Also Like...

Show Comments

Extras

Top Quizzes Today


Score Distribution

Your Account Isn't Verified!

In order to create a playlist on Sporcle, you need to verify the email address you used during registration. Go to your Sporcle Settings to finish the process.

Report this User

Report this user for behavior that violates our Community Guidelines.

Details: